Christian Ambassador: (Record no. 4139)

MARC details
000 -LEADER
fixed length control field 00535nam a22001817a 4500
003 - CONTROL NUMBER IDENTIFIER
control field GBCCL
005 - DATE AND TIME OF LATEST TRANSACTION
control field 20241126110511.0
008 - FIXED-LENGTH DATA ELEMENTS--GENERAL INFORMATION
fixed length control field 180115b xxu||||| |||| 00| 0 eng d
040 ## - CATALOGING SOURCE
Transcribing agency gbc
082 ## - DEWEY DECIMAL CLASSIFICATION NUMBER
Classification number 266.0092
Item number GOO
100 ## - MAIN ENTRY--PERSONAL NAME
Personal name Goodall, Norman
9 (RLIN) 3837
245 ## - TITLE STATEMENT
Title Christian Ambassador:
Remainder of title A life of A. Livingstone Warnshuis /
Statement of responsibility, etc. Norman Goodall
260 ## - PUBLICATION, DISTRIBUTION, ETC.
Name of publisher, distributor, etc. Channel Press, Inc.,
Place of publication, distribution, etc. New York:
Date of publication, distribution, etc. 1963
300 ## - PHYSICAL DESCRIPTION
Extent 174 p.;
Dimensions 21 cm.
600 ## - SUBJECT ADDED ENTRY--PERSONAL NAME
Personal name Warnshuis, A Livingston
9 (RLIN) 8900
650 ## - SUBJECT ADDED ENTRY--TOPICAL TERM
Topical term or geographic name entry element Missionary
Form subdivision Biography
9 (RLIN) 6946
942 ## - ADDED ENTRY ELEMENTS (KOHA)
Source of classification or shelving scheme Dewey Decimal Classification
Koha item type Books
Holdings
Withdrawn status Lost status Source of classification or shelving scheme Damaged status Not for loan Home library Current Library Shelving location Date acquired Total checkouts Full call number Barcode Date last seen Copy number Price effective from Koha item type
    Dewey Decimal Classification     GRACE BIBLE COLLEGE GRACE BIBLE COLLEGE Ministry & Mission 2018-01-15   266.0092 GOO 003302 2025-05-01 c.1 2018-01-15 Books
© Grace Bible College Library 2025